Southville International School and Colleges
Your cart is empty.
  • Cart
  • Lists
    Public lists Eva Luna New books Lux_list list_1
    Your lists Log in to create your own lists
  • Log in to your account
  • Your cookies
  • Search history
Southville International School and Colleges
  • Advanced search
  • Recent comments
  • Most popular
  • Libraries

Log in to your account

Log in with GOOGLE


If you do not have an external account, but do have a local account, you can still log in:

  1. Home
  2. MARC view: Organizational resilience :
Normal view MARC view ISBD view

Organizational resilience : (Record no. 25948)

[ view plain ]
MARC details
000 -LEADER
fixed length control field 00809nam a22002297a 4500
003 - CONTROL NUMBER IDENTIFIER
control field PILC
005 - DATE AND TIME OF LATEST TRANSACTION
control field 20160321100839.0
008 - FIXED-LENGTH DATA ELEMENTS--GENERAL INFORMATION
fixed length control field 140108b xxu||||| |||| 00| 0 eng d
020 ## - INTERNATIONAL STANDARD BOOK NUMBER
International Standard Book Number 9781439841372
050 ## - LIBRARY OF CONGRESS CALL NUMBER
Classification number HD 58.9
Item number .L493 2013
100 ## - MAIN ENTRY--PERSONAL NAME
Personal name Leflar, James J.
245 ## - TITLE STATEMENT
Title Organizational resilience :
Remainder of title managing the risks of disruptive events : a practitioner’s guide /
Statement of responsibility, etc James J. Leflar and Marc H. Siegel.
260 ## - PUBLICATION, DISTRIBUTION, ETC. (IMPRINT)
Place of publication, distribution, etc Boca Raton :
Name of publisher, distributor, etc CRC Press/Taylor & Francis Group,
Date of publication, distribution, etc 2013.
300 ## - PHYSICAL DESCRIPTION
Extent xviii, 356 pages :
Other physical details illustrations ;
Dimensions 25 cm.
500 ## - GENERAL NOTE
General note Includes bibliographic references and index.
650 ## - SUBJECT ADDED ENTRY--TOPICAL TERM
Topical term or geographic name as entry element Organizational effectiveness.
650 ## - SUBJECT ADDED ENTRY--TOPICAL TERM
Topical term or geographic name as entry element Risk management.
650 ## - SUBJECT ADDED ENTRY--TOPICAL TERM
Topical term or geographic name as entry element Risk assessment.
700 ## - ADDED ENTRY--PERSONAL NAME
Personal name Siegel, Marc H.
Relator term author.
942 ## - ADDED ENTRY ELEMENTS (KOHA)
Source of classification or shelving scheme Library of Congress Classification
Koha item type Books
Call number prefix Foreign
Holdings
Withdrawn status Lost status Source of classification or shelving scheme Damaged status Home library Current library Shelving location Date acquired Source of acquisition Total Checkouts Full call number Barcode Date last seen Date checked out Copy number Price effective from Koha item type
    Library of Congress Classification   College Library College Library Reserve Section 01/08/2014 Library Fund 1 HD 58.9 .L44 2013 C17402 05/15/2018 02/08/2017 1 01/08/2014 Books

Organizational resilience :

APA

Leflar J. J., Siegel M. H., . (2013). Organizational resilience. Boca Raton: CRC Press/Taylor & Francis Group.

Chicago

Leflar James J, Siegel Marc H, . 2013. Organizational resilience. Boca Raton: CRC Press/Taylor & Francis Group.

Harvard

Leflar J. J., Siegel M. H., . (2013). Organizational resilience. Boca Raton: CRC Press/Taylor & Francis Group.

MLA

Leflar James J, Siegel Marc H, . Organizational resilience. Boca Raton: CRC Press/Taylor & Francis Group. 2013.

  • Place hold
  • Print
  • Cite
  • Add to your cart (remove)
  • Save record
    BIBTEX Dublin Core MARCXML MARC (non-Unicode/MARC-8) MARC (Unicode/UTF-8) MARC (Unicode/UTF-8, Standard) MODS (XML) RIS
  • More searches
    Search for this title in:
    Other Libraries (WorldCat) Other Databases (Google Scholar) Online Stores (Bookfinder.com) Open Library (openlibrary.org)

Exporting to Dublin Core...

SOUTHVILLE LIBRARY

Southville International School and Colleges Library

1281 Tropical Ave. Cor. Luxembourg St., BF Homes International, Las Pinas City

Tel. No. 8256374 / 252358 Loc. 117/146

Powered by Koha